| 000 | 01017nam a22002657a 4500 | ||
|---|---|---|---|
| 008 | 231109b ||||| |||| 00| 0 spa d | ||
| 020 | _a950-23-0046-7 | ||
| 040 | _dAR-FvUNAJ | ||
| 082 | 1 | 4 |
_214 _a341 |
| 100 | 1 |
_919708 _aDavérède, Alberto Luis |
|
| 245 | 1 | 3 |
_aLa plataforma continental : _blos intereses argentinos en el nuevo derecho del mar / _cAlberto Luis Davérède. |
| 260 |
_aBuenos Aires : _bEudeba, _c1983. |
||
| 300 |
_a208 p. : _bmapas |
||
| 440 |
_919709 _aTemas / Derecho _v2 |
||
| 505 | 2 | _tIntroducción. | |
| 505 | 2 | _tI. Naturaleza jurídica de los derechos del Estado ribereño sobre la plataforma continental. | |
| 505 | 2 | _tII. El límite exterior de la plataforma continental. | |
| 505 | 2 | _tIII. La investigación científica de la plataforma continental. | |
| 650 | 1 | 7 |
_2unescot _96851 _aPLATAFORMA CONTINENTAL |
| 650 | 2 | 4 |
_99122 _aDERECHO DEL MAR |
| 650 | 2 | 7 |
_2unescot _96850 _aMAR |
| 651 | 1 | 7 |
_9326 _aARGENTINA _2unescot |
| 942 |
_2ddc _cLIBRO |
||
| 980 |
_621574 _a Carrizo _821568 _g Nuñez |
||
| 999 |
_c10015 _d10015 |
||